Robot motion planning

Αποθηκεύτηκε σε:
Λεπτομέρειες βιβλιογραφικής εγγραφής
Κύριος συγγραφέας: Latombe, Jean-Claude
Μορφή: Βιβλίο
Γλώσσα:English
Δημοσίευση: Boston : Kluwer Academic Pub., c1991
Σειρά:Kluwer international series in engineering and computer science. Robotics ; ; 124
Θέματα:
Ετικέτες: Προσθήκη ετικέτας
Δεν υπάρχουν, Καταχωρήστε ετικέτα πρώτοι!

MARC

LEADER 00000nam a2200000 i 4500
001 1/11352
008 101215s1991 eng d
020 |a 0-7923-9129-2 (hbk) 
035 |l 10109380 
040 |a GR-MY-UA  |b gre  |e aacr 
041 0 |a eng 
082 0 |a 629.892  |2 (22) 
100 1 |a Latombe, Jean-Claude. 
245 1 0 |a Robot motion planning /  |c Jean-Claude Latombe 
260 |a Boston :   |b Kluwer Academic Pub.,   |c c1991 
300 |a xviii, 651 σ.;  |c 24 εκ. 
490 1 |a The Kluwer international series in engineering and computer science. Robotics  |v ; 124 
504 |a Βιβλιογραφία: σ. [615]-642. Ευρετήριο 
650 0 0 |a Robots  |x Motion. 
830 0 |a Kluwer international series in engineering and computer science. Robotics ;  |v ; 124 
852 |a INST  |b SYROS  |e 20101215  |h 629.892 LAT  |p 005500009430  |q 005500009430  |t BK  |y 0 
901 |a BIBL5-2010-3 
909 |a Ε  |b 166674 
922 |a 5ΕΛΗ  |b 201009  |c ΒΙΒΛΙΟΘΗΚΗ ΣΥΡΟΥ  |d ΜΙΧΑΛΟΠΟΥΛΟΣ 
970 |a ΚΟΝΤΟΥ  |b ΠΑΡΑΣΚΕΥΗ  |z 2010/12/15